Entrepreneurship Development/ by Golla Ravi...[et al.] (Record no. 52582)

MARC details
000 -LEADER
fixed length control field 00513nam a22001577a 4500
003 - CONTROL NUMBER IDENTIFIER
control field OSt
008 - FIXED-LENGTH DATA ELEMENTS--GENERAL INFORMATION
fixed length control field 260702b |||||||| |||| 00| 0 eng d
020 ## - INTERNATIONAL STANDARD BOOK NUMBER
International Standard Book Number 9789367550601
082 ## - DEWEY DECIMAL CLASSIFICATION NUMBER
Classification number 658.421
Item number R25E
245 ## - TITLE STATEMENT
Title Entrepreneurship Development/ by Golla Ravi...[et al.]
260 ## - PUBLICATION, DISTRIBUTION, ETC. (IMPRINT)
Place of publication, distribution, etc New Delhi :
Name of publisher, distributor, etc New India Publishing Agency,
Date of publication, distribution, etc 2026.
300 ## - PHYSICAL DESCRIPTION
Extent 88 p.
650 ## - SUBJECT ADDED ENTRY--TOPICAL TERM
Topical term or geographic name as entry element Technology (Applied Sciences) | Management and Auxiliary Services | Management | Entrepreneurship
700 ## - ADDED ENTRY--PERSONAL NAME
Personal name Ravi, Golla
942 ## - ADDED ENTRY ELEMENTS (KOHA)
Source of classification or shelving scheme
Koha item type Books
Holdings
Withdrawn status Lost status Source of classification or shelving scheme Damaged status Not for loan Home library Current library Shelving location Date acquired Source of acquisition Cost, normal purchase price Total Checkouts Full call number Barcode Date last seen Bill Date Koha item type Bill Number
          Dr. Rajendra Prasad Central Agricultural University Pusa, Dr. Rajendra Prasad Central Agricultural University Pusa, General Stacks 02/07/2026 Faith Enterprises 495.00   658.421 R25E 88401 02/07/2026 22/01/2026 Books Invoice No. FE/11/2025-26
Hosted, Implemented, Customized & Maintained by: BestBookBuddies

Powered by Koha